000
00304nam a2200133Ia 4500
100
_a
Bolton/W
942
_c
RB
654
_a
pocket book
245
_a
Newnes engineering materials pocket book
260
_b
Heinemann Newnes
_a
Oxford
_c
1989
082
_a
620.1
_b
BOL
300
_a
194
546
_a
ENGLISH
999
_c
22679
_d
22679